| 000 | 00474nam a22001697a 4500 | ||
|---|---|---|---|
| 005 | 20240903092744.0 | ||
| 008 | 240903b |||||||| |||| 00| 0 eng d | ||
| 022 | _a10246991 | ||
| 041 | _aEnglish | ||
| 082 | _a349 NAM | ||
| 100 | _lEnglish | ||
| 245 | _aThe Namibian Law Reports 1994 | ||
| 260 |
_aWindhoek: _bLegal Assistance Centre, _c1994 |
||
| 300 |
_bxxxi, 397 pages; _c26 cm. |
||
| 650 |
_aLegal practice _bLaw |
||
| 942 |
_cBK _6ALISON_BN_VRIES |
||
| 999 |
_c2986 _d2986 |
||